000 00494nam a2200181Ia 4500
008 180207s9999 xx 000 0 und d
020 _a9781442441637
050 _bM136 2012
100 _aMcDoogle, Farrah
245 _aOlivia makes a charm bracelet /
245 _cFarrah McDoogle and Chris Nee ; illustrated by Jared Osterhold.
260 _aNew York :
260 _bSimon & Schuster,
260 _c2012
300 _aunpaged :
300 _bcolor illustration ;
300 _c20cm.
999 _c355328
_d355328